[Event "SCO-ch 125th"]
[Site "Paisley"]
[Date "2018.07.12"]
[Round "6"]
[White "Buchanan, Walter F"]
[Black "Mork, Ramona"]
[Result "1-0"]
[WhiteElo "2102"]
[BlackElo "1713"]
[PlyCount "87"]
[EventDate "2018.07.07"]
[EventType "swiss"]
[EventRounds "9"]
[EventCountry "SCO"]
[SourceTitle "CBM 185 Extra"]
[Source "ChessBase"]
[SourceDate "2018.07.29"]
[SourceVersion "1"]
[SourceVersionDate "2018.07.29"]
[SourceQuality "1"]

1. d4 Nf6 2. Nf3 e6 3. e3 b6 4. Nbd2 Bb7 5. Bd3 d5 6. 0-0 Be7 7. Qe2 c5 8. c3 Nbd7 9. Ne5 0-0 10. f4 Ne4 11. Rf3 f5 12. Rh3 Nxe5 13. dxe5 Qe8 14. Nf3 Qg6 15. Bd2 Rac8 16. Be1 Qf7 17. Bh4 h6 18. Bxe7 Qxe7 19. Nh4 Qf7 20. Bxe4 dxe4 21. Rg3 Rfd8 22. Re1 Rd5 23. Rg6 Qd7 24. Qh5 Kf8 25. h3 Rd8 26. Kh2 Rd2 27. Nxf5 exf5 28. e6 Qd5 29. e7+ Kxe7 30. Rxg7+ Kd6 31. Qxh6+ Qe6 32. Rg6 Bc8 33. Rxe6+ Bxe6 34. Qh7 Rg8 35. Rg1 Rxb2 36. Qxa7 Bxa2 37. Rd1+ Bd5 38. Rxd5+ Kxd5 39. Qf7+ Kc6 40. Qxg8 Re2 41. Qe6+ Kb5 42. c4+ Ka5 43. Qc6 Rb2 44. h4 1-0

[Event "SCO-ch 125th"]
[Site "Paisley"]
[Date "2018.07.07"]
[Round "1"]
[White "MacRae, James"]
[Black "Buchanan, Walter F"]
[Result "0-1"]
[WhiteElo "1624"]
[BlackElo "2102"]
[PlyCount "78"]
[EventDate "2018.07.07"]
[EventType "swiss"]
[EventRounds "9"]
[EventCountry "SCO"]
[SourceTitle "CBM 185 Extra"]
[Source "ChessBase"]
[SourceDate "2018.07.29"]
[SourceVersion "1"]
[SourceVersionDate "2018.07.29"]
[SourceQuality "1"]

1. d4 Nf6 2. c4 e6 3. Nf3 Bb4+ 4. Bd2 Qe7 5. a3 Bxd2+ 6. Qxd2 d6 7. e3 e5 8. dxe5 dxe5 9. Be2 0-0 10. 0-0 Nc6 11. Nc3 e4 12. Nd4 Nxd4 13. exd4 Re8 14. Rfe1 Bf5 15. Rad1 Rad8 16. Qf4 Bg6 17. b4 c6 18. Qe3 a5 19. c5 axb4 20. axb4 Nd5 21. Nxd5 cxd5 22. Bb5 Rf8 23. f3 f5 24. Ra1 f4 25. Qc3 Qg5 26. Be2 Rf6 27. Ra7 Bh5 28. Kh1 Rg6 29. Rg1 Qh4 30. Qe1 Qf6 31. Qc3 Rh6 32. g4 fxg3 33. Rxg3 Qh4 34. Rg2 Rf8 35. Rxb7 Bxf3 36. Bxf3 exf3 37. Qxf3 Rxf3 38. Rbxg7+ Kf8 39. Rg8+ Kf7 0-1

[Event "SCO-ch 123rd"]
[Site "Glasgow"]
[Date "2016.07.15"]
[Round "7"]
[White "Svensson, Lars Ake"]
[Black "Buchanan, Walter F"]
[Result "1/2-1/2"]
[WhiteElo "1972"]
[BlackElo "2116"]
[PlyCount "44"]
[EventDate "2016.07.09"]
[EventType "swiss"]
[EventRounds "9"]
[EventCountry "SCO"]
[SourceTitle "CBM 173 Extra"]
[Source "ChessBase"]
[SourceDate "2016.08.29"]
[SourceVersion "1"]
[SourceVersionDate "2016.08.29"]
[SourceQuality "1"]

1. e4 e6 2. d3 d5 3. Nd2 Nf6 4. Ngf3 b6 5. g3 Bb7 6. Bg2 dxe4 7. Ng5 Nbd7 8. Ngxe4 Qc8 9. 0-0 Be7 10. Nxf6+ Nxf6 11. Bxb7 Qxb7 12. Qf3 0-0-0 13. Qxb7+ Kxb7 14. Nf3 Nd5 15. c3 c5 16. d4 cxd4 17. Nxd4 Bf6 18. Nf3 Ne7 19. Be3 Nf5 20. Rfd1 Nxe3 21. fxe3 Be7 22. Kf2 Kc7 1/2-1/2

[Event "SCO-ch 123rd"]
[Site "Glasgow"]
[Date "2016.07.11"]
[Round "3"]
[White "Buchanan, Walter F"]
[Black "Brown, Ken A"]
[Result "1-0"]
[WhiteElo "2116"]
[BlackElo "1796"]
[PlyCount "59"]
[EventDate "2016.07.09"]
[EventType "swiss"]
[EventRounds "9"]
[EventCountry "SCO"]
[SourceTitle "CBM 173 Extra"]
[Source "ChessBase"]
[SourceDate "2016.08.29"]
[SourceVersion "1"]
[SourceVersionDate "2016.08.29"]
[SourceQuality "1"]

1. e4 e5 2. Nf3 Nc6 3. Bb5 a6 4. Bxc6 dxc6 5. 0-0 Bg4 6. h3 Bh5 7. d3 Bc5 8. Be3 Qe7 9. Nbd2 0-0-0 10. Qe2 h6 11. a3 g5 12. b4 Bd4 13. Bxd4 exd4 14. Rfb1 g4 15. Nh2 Nf6 16. Nxg4 Bxg4 17. hxg4 h5 18. g5 Ng4 19. Nf3 f6 20. a4 fxg5 21. b5 Nf6 22. bxa6 bxa6 23. Qd2 g4 24. Nh4 Nxe4 25. Qa5 Nc5 26. Ng6 Qg5 27. Nxh8 Rxh8 28. Qb4 Rh7 29. Qxd4 h4 30. Re1 1-0

[Event "SCO-ch 123rd"]
[Site "Glasgow"]
[Date "2016.07.10"]
[Round "2"]
[White "Jelfs, Alan"]
[Black "Buchanan, Walter F"]
[Result "0-1"]
[WhiteElo "1888"]
[BlackElo "2116"]
[PlyCount "100"]
[EventDate "2016.07.09"]
[EventType "swiss"]
[EventRounds "9"]
[EventCountry "SCO"]
[SourceTitle "CBM 173 Extra"]
[Source "ChessBase"]
[SourceDate "2016.08.29"]
[SourceVersion "1"]
[SourceVersionDate "2016.08.29"]
[SourceQuality "1"]

1. d4 Nf6 2. c4 e6 3. Nf3 b6 4. g3 Bb7 5. Bg2 Bb4+ 6. Bd2 Bxd2+ 7. Qxd2 0-0 8. Nc3 d5 9. cxd5 exd5 10. 0-0 Nbd7 11. Rac1 c5 12. e3 Qe7 13. Rfd1 a6 14. Qc2 c4 15. Nd2 b5 16. e4 dxe4 17. Ncxe4 Rfe8 18. Re1 Nd5 19. Qb1 Qf8 20. a3 Rab8 21. Nf3 h6 22. Nh4 N5f6 23. Nxf6+ Nxf6 24. Rxe8 Qxe8 25. Re1 Qd7 26. Bxb7 Qxb7 27. Qf5 Rd8 28. Qf3 Qxf3 29. Nxf3 Kf8 30. Rd1 Nd5 31. Kf1 f6 32. Ke2 Kf7 33. Kd2 g5 34. h3 Rc8 35. Kc2 a5 36. Nd2 Re8 37. Nf3 Rc8 38. Re1 Rc7 39. Re2 h5 40. Re4 a4 41. h4 g4 42. Ne1 b4 43. axb4 Nxb4+ 44. Kc3 Nd5+ 45. Kc2 c3 46. Nd3 cxb2+ 47. Kxb2 Rc3 48. Nc1 a3+ 49. Kb1 Rf3 50. Ka2 Nc3+ 0-1

[Event "Commonwealth-ch"]
[Site "Glasgow"]
[Date "2014.07.04"]
[Round "5"]
[White "Buchanan, Walter F"]
[Black "Darmanin, Jake"]
[Result "1-0"]
[WhiteElo "2104"]
[BlackElo "1877"]
[PlyCount "93"]
[EventDate "2014.06.30"]
[EventType "swiss"]
[EventRounds "9"]
[EventCountry "SCO"]
[SourceTitle "CBM 161 Extra"]
[Source "ChessBase"]
[SourceDate "2014.08.29"]
[SourceVersion "1"]
[SourceVersionDate "2014.08.29"]
[SourceQuality "1"]

1. d4 Nf6 2. Nf3 e6 3. e3 c5 4. Bd3 Nc6 5. Nbd2 d5 6. c3 Qc7 7. 0-0 Bd6 8. dxc5 Bxc5 9. e4 0-0 10. Qe2 Bd6 11. h3 dxe4 12. Nxe4 Nxe4 13. Bxe4 f5 14. Bxc6 bxc6 15. Re1 Re8 16. c4 c5 17. Ne5 Bb7 18. f3 h6 19. b3 Rad8 20. Bb2 Ba8 21. Rad1 Qb7 22. Qe3 Qc7 23. Qc3 Qb7 24. Qe3 Qc7 25. Rd2 Qb7 26. Red1 Qc7 27. Rd3 Kh7 28. Bc3 Be7 29. Qe1 Rxd3 30. Rxd3 Bd6 31. Kf1 Bb7 32. Qg3 Re7 33. h4 g5 34. hxg5 hxg5 35. Qe1 Kg8 36. Ba1 Rh7 37. Kg1 Ba8 38. Qd1 Be7 39. Rd7 Qb8 40. Qd2 Bf6 41. Rxh7 Kxh7 42. Nd7 Qg3 43. Nxf6+ Kg6 44. Nd7 g4 45. Qc3 Kf7 46. Qg7+ Ke8 47. Nf6+ 1-0

[Event "Commonwealth-ch"]
[Site "Glasgow"]
[Date "2014.07.04"]
[Round "4"]
[White "Tan, Justin Hy"]
[Black "Buchanan, Walter F"]
[Result "1/2-1/2"]
[WhiteElo "2375"]
[BlackElo "2104"]
[PlyCount "66"]
[EventDate "2014.06.30"]
[EventType "swiss"]
[EventRounds "9"]
[EventCountry "SCO"]
[SourceTitle "CBM 161 Extra"]
[Source "ChessBase"]
[SourceDate "2014.08.29"]
[SourceVersion "1"]
[SourceVersionDate "2014.08.29"]
[SourceQuality "1"]

1. e4 e6 2. d4 d5 3. Nc3 Bb4 4. e5 b6 5. a3 Bf8 6. Nf3 Ba6 7. Bxa6 Nxa6 8. a4 Bb4 9. Qd3 Bxc3+ 10. Qxc3 Ne7 11. 0-0 0-0 12. Qd3 Nb4 13. Qd2 c5 14. c3 Nbc6 15. b4 cxb4 16. cxb4 a6 17. Rb1 b5 18. a5 Nf5 19. Qd3 h6 20. Bd2 Nh4 21. Ne1 f5 22. f4 Qe8 23. g3 Ng6 24. Qe3 Nge7 25. Nd3 Qf7 26. Rbc1 Kh8 27. Rc2 Rfc8 28. Rfc1 Qh5 29. Nc5 Nd8 30. Kg2 Rc6 31. Qf3 Qxf3+ 32. Kxf3 Rac8 33. Ke3 Nb7 1/2-1/2

[Event "EU-Cup 29th"]
[Site "Rhodes"]
[Date "2013.10.25"]
[Round "6.4"]
[White "Idrizaj, Abedin"]
[Black "Buchanan, Walter F"]
[Result "1-0"]
[WhiteElo "2249"]
[BlackElo "2122"]
[PlyCount "89"]
[EventDate "2013.10.20"]
[EventType "team-swiss"]
[EventRounds "7"]
[EventCountry "GRE"]
[SourceTitle "CBM 157"]
[Source "ChessBase"]
[SourceDate "2013.11.12"]
[SourceVersion "1"]
[SourceVersionDate "2013.11.12"]
[SourceQuality "1"]
[WhiteTeam "Istogu"]
[BlackTeam "Edinburgh"]
[WhiteTeamCountry "SRB"]
[BlackTeamCountry "SCO"]

1. e4 e6 2. d4 d5 3. Nd2 Nc6 4. c3 dxe4 5. Nxe4 Be7 6. Nf3 Nf6 7. Bd3 Nxe4 8. Bxe4 Bf6 9. Qc2 h6 10. Be3 Bd7 11. b4 Qe7 12. a4 g5 13. h3 Kf8 14. Qd2 Kg7 15. Rb1 Rad8 16. 0-0 Be8 17. c4 b6 18. Rfd1 a5 19. b5 Nb4 20. Qc1 Na2 21. Qd2 Nb4 22. Qe2 Kg8 23. Ne5 Bg7 24. g4 Bf6 25. Kg2 Kg7 26. Bc1 Qd6 27. Ba3 Qe7 28. Qf3 Qd6 29. Bb2 Qe7 30. Re1 Qd6 31. Rbd1 Qe7 32. Bb1 c5 33. d5 Qc7 34. d6 Rxd6 35. Rxd6 Qxd6 36. Nxf7 Qe7 37. Bxf6+ Qxf6 38. Nxh8 Qxf3+ 39. Kxf3 Kxh8 40. Rxe6 Bf7 41. Rxh6+ Kg8 42. Rxb6 Bxc4 43. Rg6+ Kf8 44. Rxg5 Bd5+ 45. Be4 1-0

[Event "EU-Cup 29th"]
[Site "Rhodes"]
[Date "2013.10.24"]
[Round "5.4"]
[White "Buchanan, Walter F"]
[Black "Kniest, Oliver"]
[Result "0-1"]
[WhiteElo "2122"]
[BlackElo "2305"]
[PlyCount "63"]
[EventDate "2013.10.20"]
[EventType "team-swiss"]
[EventRounds "7"]
[EventCountry "GRE"]
[SourceTitle "CBM 157"]
[Source "ChessBase"]
[SourceDate "2013.11.12"]
[SourceVersion "1"]
[SourceVersionDate "2013.11.12"]
[SourceQuality "1"]
[WhiteTeam "Edinburgh"]
[BlackTeam "Solingen"]
[WhiteTeamCountry "SCO"]
[BlackTeamCountry "GER"]

1. d4 Nf6 2. Nf3 g6 3. e3 Bg7 4. Be2 c5 5. b3 b6 6. Bb2 Bb7 7. 0-0 0-0 8. c4 cxd4 9. exd4 d5 10. Nc3 Nc6 11. Qd3 Rc8 12. c5 bxc5 13. dxc5 Ne4 14. Na4 Bxb2 15. Nxb2 Nb4 16. Qd1 Nc3 17. Qd2 Nxe2+ 18. Kh1 d4 19. Qxe2 Rxc5 20. Qd2 Bxf3 21. gxf3 Qd5 22. Qf4 Rc3 23. Kg2 f5 24. Nc4 Nd3 25. Qd2 e5 26. Ne3 Nf4+ 27. Kg3 Qd8 28. h4 dxe3 29. Qxd8 Rxd8 30. fxe3 Rxe3 31. Rf2 Rdd3 32. Rc1 0-1

[Event "EU-Cup 29th"]
[Site "Rhodes"]
[Date "2013.10.22"]
[Round "3.4"]
[White "Buchanan, Walter F"]
[Black "Dzierzenga, Stefan"]
[Result "0-1"]
[WhiteElo "2122"]
[BlackElo "2173"]
[PlyCount "104"]
[EventDate "2013.10.20"]
[EventType "team-swiss"]
[EventRounds "7"]
[EventCountry "GRE"]
[SourceTitle "CBM 157"]
[Source "ChessBase"]
[SourceDate "2013.11.12"]
[SourceVersion "1"]
[SourceVersionDate "2013.11.12"]
[SourceQuality "1"]
[WhiteTeam "Edinburgh"]
[BlackTeam "Baden Invest"]
[WhiteTeamCountry "SCO"]
[BlackTeamCountry "AUT"]

1. d4 Nf6 2. Nf3 c5 3. e3 d5 4. b3 cxd4 5. exd4 Bg4 6. Be2 e6 7. 0-0 Be7 8. Bb2 0-0 9. Nbd2 Nc6 10. h3 Bh5 11. Ne5 Bxe2 12. Qxe2 Rc8 13. f4 Qa5 14. c3 Ba3 15. Bxa3 Qxa3 16. Qd3 Qa5 17. Rf3 Ne7 18. a4 Nf5 19. b4 Qc7 20. Raf1 Nd6 21. Rc1 Nfe4 22. Re3 f6 23. Nef3 Qd7 24. a5 Rc7 25. Nb3 b6 26. axb6 axb6 27. Nfd2 f5 28. Nxe4 fxe4 29. Qf1 Rfc8 30. Qe1 Nf5 31. Re2 Qa4 32. Rb2 Qd7 33. Nd2 Nxd4 34. Nf1 Nb5 35. Rbc2 Na3 36. Ra2 Nc4 37. Rca1 Qf7 38. Qc1 h6 39. Ra8 Kh7 40. R1a6 Qf6 41. Ng3 Rxa8 42. Rxa8 Nd6 43. Ne2 Nb5 44. Qe3 Nxc3 45. Nxc3 Rxc3 46. Qe1 Rc4 47. Qg3 Rxb4 48. f5 Qxf5 49. Qb8 Rb1+ 50. Kh2 Rf1 51. Kg3 Qg5+ 52. Kh2 Qf4+ 0-1

[Event "SCO-ch 120th"]
[Site "Helensburgh"]
[Date "2013.07.10"]
[Round "5"]
[White "Buchanan, Walter F"]
[Black "Tate, Alan"]
[Result "0-1"]
[WhiteElo "2119"]
[BlackElo "2277"]
[PlyCount "66"]
[EventDate "2013.07.06"]
[EventType "swiss"]
[EventRounds "9"]
[EventCountry "SCO"]
[SourceTitle "EXT 2014"]
[Source "ChessBase"]
[SourceDate "2013.11.20"]
[SourceVersion "1"]
[SourceVersionDate "2013.11.20"]
[SourceQuality "1"]

1. d4 g6 2. Nf3 Bg7 3. e3 f5 4. Nbd2 Nf6 5. Bd3 0-0 6. 0-0 b6 7. e4 fxe4 8. Nxe4 Nd5 9. Bc4 e6 10. Bxd5 exd5 11. Bg5 Qe8 12. Ng3 Nc6 13. c3 h6 14. Be3 d6 15. h3 Ne7 16. Nh2 Kh7 17. Qd2 Qf7 18. Ng4 Nf5 19. Nxf5 gxf5 20. Qd3 Kh8 21. Nh2 f4 22. Bd2 Bf5 23. Qf3 Be4 24. Qe2 f3 25. Nxf3 Qh5 26. Kh2 Bxf3 27. gxf3 Rae8 28. Qb5 Rxf3 29. Qd7 Re2 30. Rae1 Rfxf2+ 31. Rxf2 Rxf2+ 32. Kg3 Qf3+ 33. Kh4 Bf6+ 0-1

[Event "SCO-ch 119th"]
[Site "Glasgow"]
[Date "2012.07.14"]
[Round "8"]
[White "Buchanan, Walter F"]
[Black "Karlsson, Mikael Johann"]
[Result "1-0"]
[WhiteElo "2127"]
[BlackElo "1929"]
[PlyCount "97"]
[EventDate "2012.07.07"]
[EventType "swiss"]
[EventRounds "9"]
[EventCountry "SCO"]
[SourceTitle "EXT 2023"]
[Source "ChessBase"]
[SourceDate "2022.10.05"]
[SourceVersion "1"]
[SourceVersionDate "2022.10.05"]
[SourceQuality "1"]

1. e4 c5 2. Nf3 Nc6 3. Bb5 g6 4. 0-0 Bg7 5. Bxc6 bxc6 6. d3 Nf6 7. Nbd2 0-0 8. e5 Nd5 9. Nc4 Ba6 10. Qe2 Rb8 11. Bd2 Qc7 12. b3 f6 13. Rae1 fxe5 14. Ncxe5 Rbe8 15. Qe4 Rf5 16. Ng4 Nf6 17. Nxf6+ Bxf6 18. Be3 e6 19. Qg4 Kg7 20. Bg5 Rf8 21. Qh4 Rxg5 22. Nxg5 h6 23. Qa4 Bb7 24. Nxe6+ dxe6 25. Qe4 e5 26. Re3 Qd6 27. Rg3 Bg5 28. Re1 Rf5 29. h4 Rf4 30. Qxe5+ Qxe5 31. Rxe5 Bxh4 32. Rf3 Rxf3 33. gxf3 Bf6 34. Re8 c4 35. dxc4 Ba6 36. Re6 Bb7 37. Rd6 Bc8 38. Rxc6 Bf5 39. Rc7+ Kf8 40. Rxa7 Bxc2 41. c5 Ke8 42. c6 Kd8 43. b4 Kc8 44. a4 Bd4 45. Rd7 Bc3 46. b5 Bxa4 47. b6 Ba5 48. Ra7 Bxc6 49. Rc7+ 1-0

[Event "SCO-ch 119th"]
[Site "Glasgow"]
[Date "2012.07.07"]
[Round "1"]
[White "Enchev, Ivajlo"]
[Black "Buchanan, Walter F"]
[Result "1-0"]
[WhiteElo "2413"]
[BlackElo "2127"]
[PlyCount "51"]
[EventDate "2012.07.07"]
[EventType "swiss"]
[EventRounds "9"]
[EventCountry "SCO"]
[SourceTitle "CBM 149 Extra"]
[Source "ChessBase"]
[SourceDate "2012.08.24"]
[SourceVersion "1"]
[SourceVersionDate "2012.08.24"]
[SourceQuality "1"]

1. d4 Nf6 2. c4 e6 3. Nc3 Bb4 4. Qc2 Nc6 5. Nf3 d6 6. a3 Bxc3+ 7. Qxc3 0-0 8. g3 Re8 9. Bg2 e5 10. d5 Nb8 11. 0-0 Ne4 12. Qc2 Bf5 13. Nh4 Nxg3 14. Nxf5 Nxf1 15. Bxf1 Nd7 16. e4 g6 17. Nh6+ Kg7 18. Bh3 Qe7 19. Kh1 Rad8 20. Be3 Qh4 21. Bg4 Nf6 22. Rg1 Nxg4 23. Rxg4 Qh3 24. Qe2 Qh5 25. f3 f6 26. Nf5+ 1-0

[Event "SCO-ch"]
[Site "Edinburgh"]
[Date "2009.07.14"]
[Round "4"]
[White "Buchanan, Walter F"]
[Black "Arun Prasad, Subramanian"]
[Result "0-1"]
[WhiteElo "2128"]
[BlackElo "2556"]
[PlyCount "64"]
[EventDate "2009.07.11"]
[EventType "swiss"]
[EventRounds "9"]
[EventCountry "SCO"]
[SourceTitle "CBM 131 Extra"]
[Source "ChessBase"]
[SourceDate "2009.09.03"]
[SourceVersion "2"]
[SourceVersionDate "2009.09.16"]
[SourceQuality "1"]

1. b3 d5 2. Bb2 Nf6 3. e3 g6 4. f4 Bg7 5. Nf3 0-0 6. Be2 c5 7. 0-0 Nc6 8. Ne5 d4 9. Nxc6 bxc6 10. Na3 Nd5 11. e4 d3 12. Bxg7 dxe2 13. Qxe2 Kxg7 14. exd5 cxd5 15. Rae1 e6 16. Qe3 Qa5 17. Nb1 Qxa2 18. Qxc5 Ba6 19. Rf3 Rfc8 20. Qd4+ Kg8 21. f5 exf5 22. Nc3 Qb2 23. Qh4 Qxc2 24. Qh6 Re8 25. Ra1 f6 26. Rh3 Re7 27. Nxd5 Qc5+ 28. Re3 Qxd5 29. Rxe7 Qd4+ 30. Qe3 Qxa1+ 31. Kf2 Qf1+ 32. Kg3 Qd3 0-1

[Event "SCO-ch"]
[Site "Edinburgh"]
[Date "2009.07.13"]
[Round "3"]
[White "Hughes, Rhian"]
[Black "Buchanan, Walter F"]
[Result "0-1"]
[WhiteElo "1850"]
[BlackElo "2128"]
[PlyCount "102"]
[EventDate "2009.07.11"]
[EventType "swiss"]
[EventRounds "9"]
[EventCountry "SCO"]
[SourceTitle "CBM 131 Extra"]
[Source "ChessBase"]
[SourceDate "2009.09.03"]
[SourceVersion "2"]
[SourceVersionDate "2009.09.16"]
[SourceQuality "1"]

1. c4 Nf6 2. Nc3 e5 3. g3 Bb4 4. Bg2 Bxc3 5. dxc3 0-0 6. e4 d6 7. Ne2 Be6 8. b3 c6 9. Ba3 Ne8 10. c5 Na6 11. cxd6 c5 12. 0-0 Nxd6 13. f4 Bg4 14. Qc2 Nb5 15. Bb2 c4 16. bxc4 Nd6 17. h3 Qb6+ 18. Kh2 Be6 19. f5 Bxc4 20. f6 Qe3 21. Rae1 Bd3 22. Qd1 Nxe4 23. Rf3 Bxe2 24. Rxe2 Qb6 25. Rxe4 Qxb2 26. Re2 Qb6 27. Qc1 gxf6 28. Qh6 f5 29. Qg5+ Qg6 30. Rxf5 f6 31. Qxg6+ hxg6 32. Rf1 Nc5 33. Rb2 Rab8 34. Rd2 Kf7 35. Rd5 b6 36. Rxe5 Rfe8 37. Ree1 Rbd8 38. Rxe8 Rxe8 39. Bd5+ Kg7 40. Rf2 Re3 41. Rc2 Na4 42. c4 Ra3 43. Kg2 Nc3 44. Rb2 Kf8 45. Rf2 Ke7 46. Bc6 Rxa2 47. Rxa2 Nxa2 48. Kf3 Nb4 49. Be4 f5 50. Bb1 a5 51. Ke3 a4 0-1

[Event "SCO-ch"]
[Site "Aberdeen"]
[Date "2001.07.15"]
[Round "9"]
[White "Buchanan, Walter F"]
[Black "Berry, Neil"]
[Result "0-1"]
[WhiteElo "2105"]
[BlackElo "2256"]
[PlyCount "122"]
[EventDate "2001.07.07"]
[EventType "swiss"]
[EventRounds "9"]
[EventCountry "SCO"]
[SourceTitle "CBM 083 Extra"]
[Source "ChessBase"]
[SourceDate "2001.09.11"]
[SourceVersion "1"]
[SourceVersionDate "2001.09.11"]
[SourceQuality "1"]

1. d4 Nf6 2. Nf3 g6 3. e3 Bg7 4. Be2 0-0 5. b3 c5 6. Bb2 b6 7. c4 Bb7 8. Nc3 e6 9. 0-0 Na6 10. a3 Qe7 11. Qd3 d6 12. Rad1 Rfd8 13. d5 exd5 14. cxd5 Ne4 15. Nd2 f5 16. Qc2 Nxc3 17. Bxc3 Bxc3 18. Qxc3 Nc7 19. Bf3 Bxd5 20. Bxd5+ Nxd5 21. Qc4 Qf7 22. e4 Nf6 23. exf5 Qxc4 24. Nxc4 d5 25. fxg6 dxc4 26. gxh7+ Kxh7 27. bxc4 Rxd1 28. Rxd1 Re8 29. Kf1 Re4 30. Rc1 Nd7 31. a4 Ne5 32. f3 Rxc4 33. Re1 Ng6 34. Ra1 Kh6 35. g3 Rc2 36. h4 Ne5 37. Ra3 c4 38. Re3 Nd3 39. g4 Rh2 40. Re6+ Kg7 41. Rc6 Ne5 42. Rc7+ Kf6 43. Ke1 Nd3+ 44. Kf1 Rf2+ 45. Kg1 Rxf3 46. Rxc4 Rf4 47. Rxf4+ Nxf4 48. Kf2 Nd3+ 49. Ke3 Nc5 50. a5 b5 51. Kd4 Ne6+ 52. Kd5 a6 53. g5+ Nxg5 54. hxg5+ Kxg5 55. Ke5 Kg6 56. Kd4 Kf6 57. Kc3 Ke6 58. Kb2 Ke5 59. Kb3 Kd5 60. Kc3 Kc6 61. Kb2 b4 0-1

[Event "SCO-ch"]
[Site "Aberdeen"]
[Date "2001.07.13"]
[Round "7"]
[White "Motwani, Paul"]
[Black "Buchanan, Walter F"]
[Result "1-0"]
[WhiteElo "2511"]
[BlackElo "2105"]
[PlyCount "81"]
[EventDate "2001.07.07"]
[EventType "swiss"]
[EventRounds "9"]
[EventCountry "SCO"]
[SourceTitle "CBM 083 Extra"]
[Source "ChessBase"]
[SourceDate "2001.09.11"]
[SourceVersion "1"]
[SourceVersionDate "2001.09.11"]
[SourceQuality "1"]

1. e4 e6 2. d4 d5 3. Nd2 Nc6 4. Ngf3 Nf6 5. e5 Nd7 6. Bb5 a6 7. Bxc6 bxc6 8. 0-0 Be7 9. Re1 c5 10. dxc5 Nxc5 11. Nd4 Qd7 12. Qh5 Bb7 13. Nf1 Na4 14. Ng3 g6 15. Qh6 0-0-0 16. b3 Nb6 17. Bg5 c5 18. Nf3 Bxg5 19. Nxg5 Rdf8 20. c3 Kb8 21. a4 Nc8 22. Nf3 d4 23. Ne4 Bxe4 24. Rxe4 d3 25. Qe3 Ne7 26. Qxc5 Rc8 27. Qb6+ Qb7 28. Qd6+ Ka8 29. Rb4 Nf5 30. Qxd3 Rhd8 31. Qe2 Qb6 32. a5 Rc7 33. Rc4 Qb5 34. g4 Ne7 35. Nd4 Rxd4 36. cxd4 Nd5 37. Rac1 Kb8 38. Qf3 Qxa5 39. Rxc7 Nxc7 40. Qxf7 Qb6 41. Qd7 1-0

[Event "SCO-ch"]
[Site "Aberdeen"]
[Date "2001.07.09"]
[Round "3"]
[White "Arakhamia Grant, Ketevan"]
[Black "Buchanan, Walter F"]
[Result "1-0"]
[WhiteElo "2446"]
[BlackElo "2105"]
[PlyCount "57"]
[EventDate "2001.07.07"]
[EventType "swiss"]
[EventRounds "9"]
[EventCountry "SCO"]
[SourceTitle "CBM 083 Extra"]
[Source "ChessBase"]
[SourceDate "2001.09.11"]
[SourceVersion "1"]
[SourceVersionDate "2001.09.11"]
[SourceQuality "1"]

1. e4 e6 2. d4 d5 3. Nc3 Bb4 4. e5 b6 5. a3 Bf8 6. Nf3 Qd7 7. b4 c5 8. bxc5 bxc5 9. Bb5 Nc6 10. 0-0 Qc7 11. Ne2 c4 12. c3 Bd7 13. Ba4 Nge7 14. Bc2 Nc8 15. Nf4 Na5 16. a4 Rb8 17. Ba3 Nb3 18. Bxf8 Kxf8 19. Ra3 Qa5 20. Qe1 Nb6 21. Bxb3 cxb3 22. Rxb3 Bxa4 23. Qa1 g6 24. Qa3+ Kg7 25. Nxe6+ fxe6 26. Qe7+ Kh6 27. Ng5 Kh5 28. Nxe6 h6 29. Ng7+ 1-0

[Event "SCO-ch"]
[Site "Aberdeen"]
[Date "2001.07.07"]
[Round "1"]
[White "Bryson, Douglas Marshall"]
[Black "Buchanan, Walter F"]
[Result "1-0"]
[WhiteElo "2375"]
[BlackElo "2105"]
[PlyCount "103"]
[EventDate "2001.07.07"]
[EventType "swiss"]
[EventRounds "9"]
[EventCountry "SCO"]
[SourceTitle "CBM 083 Extra"]
[Source "ChessBase"]
[SourceDate "2001.09.11"]
[SourceVersion "1"]
[SourceVersionDate "2001.09.11"]
[SourceQuality "1"]

1. e4 e6 2. d4 d5 3. Nc3 Bb4 4. e5 b6 5. a3 Bxc3+ 6. bxc3 Qd7 7. Qg4 f5 8. Qg3 Ba6 9. Bxa6 Nxa6 10. Ne2 0-0-0 11. 0-0 Nb8 12. Bg5 Re8 13. a4 Nc6 14. Qd3 Na5 15. Rfb1 Kb7 16. Bc1 Ne7 17. Ba3 Nec6 18. Nc1 Nc4 19. Nb3 Ka8 20. Bb4 a5 21. Ba3 Ka7 22. Bc1 Ref8 23. Nd2 Nxd2 24. Bxd2 f4 25. f3 g5 26. Be1 h5 27. Bf2 g4 28. c4 g3 29. hxg3 fxg3 30. Bxg3 dxc4 31. Qxc4 Qxd4+ 32. Qxd4 Nxd4 33. Rd1 Nc6 34. Bh4 Rf5 35. Bf6 Rh7 36. Re1 h4 37. Kf2 Rhh5 38. Re4 Nb4 39. Rc1 Nc6 40. f4 Rh7 41. Rh1 Rfh5 42. Kf3 Nb4 43. Kg4 Nxc2 44. Rxh4 Rxh4+ 45. Bxh4 Ka6 46. f5 b5 47. axb5+ Kxb5 48. fxe6 a4 49. e7 Rh8 50. Rf4 Rg8+ 51. Kf3 Re8 52. Rf8 1-0

[Event "SCO-ch"]
[Site "Glasgow"]
[Date "2000.07.21"]
[Round "7"]
[White "Buchanan, Walter F"]
[Black "Young, Johnjoseph"]
[Result "1/2-1/2"]
[WhiteElo "2115"]
[BlackElo "2305"]
[PlyCount "112"]
[EventDate "2000.07.15"]
[EventType "swiss"]
[EventRounds "9"]
[EventCountry "SCO"]
[SourceTitle "CBM 077 Extra"]
[Source "ChessBase"]
[SourceDate "2000.09.14"]
[SourceVersion "1"]
[SourceVersionDate "2000.09.14"]
[SourceQuality "1"]

1. e4 c5 2. Nf3 d6 3. d4 cxd4 4. Nxd4 Nf6 5. Nc3 a6 6. Be2 e6 7. 0-0 Be7 8. f4 Qc7 9. Be3 b5 10. Bf3 Bb7 11. e5 dxe5 12. Bxb7 Qxb7 13. fxe5 Nfd7 14. Qg4 g6 15. Qf4 Rf8 16. Qe4 Qxe4 17. Nxe4 Nxe5 18. Bh6 Rg8 19. a4 b4 20. Bg5 Bxg5 21. Nxg5 h6 22. Rae1 Nbd7 23. Nxf7 Nxf7 24. Nxe6 Nfe5 25. Nc7+ Ke7 26. Nxa8 Rxa8 27. Rf4 a5 28. Rd4 Kf7 29. Rd5 Kf6 30. c4 bxc3 31. bxc3 Ra7 32. h3 Ke6 33. Rb5 h5 34. Kf2 Kd6 35. Rd1+ Kc6 36. Rdd5 Nc4 37. Ke2 Ndb6 38. Rbc5+ Kb7 39. Rb5 Kc6 40. Rdc5+ Kd6 41. Kd3 Nb2+ 42. Kd4 N2xa4 43. Rxa5 Rd7 44. Rg5 Ke6+ 45. Ke4 Nxc3+ 46. Kf3 Rf7+ 47. Ke3 Nc4+ 48. Kd3 Nxa5 49. Kxc3 Nb7 50. Rxg6+ Kf5 51. Rg8 Kf6 52. Rh8 Kg5 53. g4 h4 54. Rh5+ Kg6 55. Rxh4 Nd6 56. Rh5 Ne4+ 1/2-1/2

[Event "West of Scotland-ch"]
[Site "Clarkston"]
[Date "2000.05.28"]
[Round "4"]
[White "Campbell, Duncan AF"]
[Black "Buchanan, Walter F"]
[Result "0-1"]
[WhiteElo "1800"]
[BlackElo "1990"]
[PlyCount "80"]
[EventDate "2000.05.??"]
[EventType "swiss"]
[EventRounds "5"]
[EventCountry "SCO"]
[SourceTitle "EXT 2004"]
[Source "ChessBase"]
[SourceDate "2003.11.25"]
[SourceVersion "1"]
[SourceVersionDate "2003.11.25"]
[SourceQuality "1"]

1. e4 e6 2. d4 d5 3. Nd2 Nc6 4. c3 dxe4 5. Nxe4 b6 6. Nf3 Bb7 7. Bd3 Nf6 8. Bg5 Be7 9. Qc2 Qd7 10. 0-0 0-0-0 11. a4 h6 12. Be3 Nxe4 13. Bxe4 f5 14. Bd3 g5 15. a5 Nxa5 16. b4 Nc6 17. Bb5 Qd5 18. Qa4 g4 19. Ne1 Bg5 20. Ba6 f4 21. Bxb7+ Kxb7 22. Qa6+ Kb8 23. b5 Na5 24. Nd3 fxe3 25. Nb4 e2 26. Rfb1 Qb7 27. Rxa5 bxa5 28. Nc6+ Ka8 29. Qxb7+ Kxb7 30. Nxd8+ Rxd8 31. Re1 e5 32. Rxe2 exd4 33. cxd4 Rxd4 34. h3 gxh3 35. g3 Bd2 36. Kh2 a4 37. Re6 a3 38. Ra6 Bc1 39. Kxh3 Rb4 40. f4 Rxb5 0-1